000 00481nam a2200193Ia 4500
005 20240823024132.0
008 240823s9999||||xx |||||||||||||| ||und||
020 _a978-0-07-008710-1
041 _aENGLISH
082 _A006.3 P9
100 _aNaresh Jotwani
245 0 _aComputer System Organisation
250 _a1st
260 _c2009
_b"Tata Mcgraw Hill,New "
500 _aTRANSFERED
650 _aComputer Systems
_bComputer Science
942 _cBK
999 _c183202
_d183202